El Salitre: resumen histórico desde su descubrimiento y explotación
-д хадгалсан:
| Үндсэн зохиолч: | |
|---|---|
| Формат: | Ном |
| Хэл сонгох: | испани |
| Хэвлэсэн: |
Valparaíso
Fisher Hnos
1930
|
| Хэвлэл: | 1a. ed |
| Нөхцлүүд: | |
| Шошгууд: |
Шошго нэмэх
Шошго байхгүй, Энэхүү баримтыг шошголох эхний хүн болох!
|
MARC
| LEADER | 00000cam a2200000 a 4500 | ||
|---|---|---|---|
| 001 | UCC2106 | ||
| 003 | CL-VaPUC | ||
| 008 | 171230e19300000cl |||||||||||||||||spa|d | ||
| 082 | 0 | 4 | |a 983.05 |b HER |2 21 |
| 100 | |a HERNANDEZ CORNEJO, ROBERTO |e author |9 438279 | ||
| 245 | 1 | 3 | |a El Salitre: resumen histórico desde su descubrimiento y explotación |
| 250 | |a 1a. ed | ||
| 300 | |a 199 p | ||
| 942 | |c BK | ||
| 945 | |d 20171230 00:11:00 |a dcastane | ||
| 260 | |a Valparaíso |b Fisher Hnos |c 1930 | ||
| 650 | 0 | |a Historia de Chile |9 322385 | |
| 650 | 0 | |a Salitre |9 313872 | |
| 583 | |a last modification |c 20171230 00:11:00 |k Rodrigo Vera | ||
| 999 | |c 370395 |d 370393 | ||
| 952 | |0 0 |1 0 |3 erd |4 0 |6 983_050000000000000_HER_1930 |7 0 |8 X |9 486816 |a FDOBUD |b FDOBUD |i 5445019 |o 983.05 HER 1930 |p 5445019 |r 2019-11-24 |w 2019-11-24 |y BK_X |z Catalogado en:20171230 |k BUD | ||